ბათუმის შოთა რუსთაველის სახელმწიფო უნივერსიტეტის ბიბლიოთეკა

სხვა ამსტერდამი : (ბიბ.ჩანაწერი № 55069)

000 -ლიდერი
ფიქსირებული სიგრძის საკონტროლო ველი 01426nam a2200289Ia 4500
001 - საკონტროლო ნომერი
საკონტროლო ველი 22144
003 - საკონტროლო ნომრის იდენტიფიკატორი
საკონტროლო ველი GE_BSU
005 - ბოლო ოპერაციის თარიღი და დრო
საკონტროლო ველი 20221202114356.0
008 - ფიქსირებული სიგრძის მონაცემთა ელემენტები - ზოგადი ინფორმაცია
ფიქსირებული სიგრძის საკონტროლო ველი 181216s ||||ge |||||||||||||| ||geo||
020 ## - წიგნის საერთაშორისო სტანდარტული ნომერი
International Standard Book Number 9789941235498
040 ## - კატალოგიზაციის წყარო
Transcribing agency GE_BSU
041 ## - ენის კოდი
Language code of text/sound track or separate title geo
080 ## - უნივერსალური ათობითი კლასიფიკაციის ინდექსი
Universal Decimal Classification number 821.353.1-31 ტ-92
100 ## - მთავარი ჩანაწერი - პიროვნების სახელი
Personal name ტურაშვილი, დათო
9 (RLIN) 1369
245 ## - ცნობა სათაურის შესახებ
Title სხვა ამსტერდამი :
Remainder of title ინტერნეტრომანი /
Statement of responsibility, etc დათო ტურაშვილი ; რედაქტორი ნინო გოგალაძე ; დიზაინერები : ია მახათაძე, გიორგი კევლიშვილი.
264 ## - წარმოების, გამოცემის, დისტრიბუციის და სხვა ცნობები
გამოცემის, წარმოების, დისტრიბუციის... ადგილი თბილისი :
გამოცემის, წარმოების, დისტრიბუციის... სახელწოდება ბაკურ სულაკაურის გამ-ბა,
გამოცემის, წარმოების, დისტრიბუციის... თარიღი 2015.
300 ## - ფიზიკური აღწერა
Extent 306 გვ. ;
Dimensions 20 სმ.
653 ## - INDEX TERM--UNCONTROLLED
Uncontrolled term რომანი
653 ## - INDEX TERM--UNCONTROLLED
Uncontrolled term სხვა ამსტერდამი
653 ## - INDEX TERM--UNCONTROLLED
Uncontrolled term ინტერნეტრომანი
653 ## - INDEX TERM--UNCONTROLLED
Uncontrolled term ქართული მხატვრული ლიტერატურა
700 ## - ADDED ENTRY--PERSONAL NAME
Personal name გოგალაძე, ნინო
Relator term რედაქტორი
9 (RLIN) 12334
700 ## - ADDED ENTRY--PERSONAL NAME
Personal name მახათაძე, ია
Relator term დიზაინერი
9 (RLIN) 5299
700 ## - ADDED ENTRY--PERSONAL NAME
Personal name კევლიშვილი, გიორგი
Relator term დიზაინერი
9 (RLIN) 11748
942 ## - ADDED ENTRY ELEMENTS (KOHA)
Koha item type წიგნი
Source of classification or shelving scheme
ეგზემპლარები
ჩამოწერის სტატუსი დაკარგული ეგზემპლარის სტატუსი კლასიფიკაციის წყარო ან თაროზე გაწყობის სქემა დაზიანების სტატუსი არ გაიცემა მუდმივი მდებარეობა (დაცვის ადგილი) ამჟამინდელი ადგილსამყოფელი თაროზე განთავსების ადგილი შეძენის თარიღი ღირებულება, შესყიდვის ნორმალური ფასი სრული შენახვის შიფრი შტრიხკოდი ბოლო ოპერაციის თარიღი ეგზემპლარის მიმდევრობითი ნომერი (კეტერი?) ფასის ძალაში შესვლის თარიღი ეგზემპლარის სახეობა საჯარო შენიშვნა
          ბათუმის შოთა რუსთაველის სახელმწიფო უნივერსიტეტის მთავარი ბიბლიოთეკა ბათუმის შოთა რუსთაველის სახელმწიფო უნივერსიტეტის მთავარი ბიბლიოთეკა წიგნსაცავი 2018-12-17 9.60 821.353.1-31 ტ-92 57105 2018-12-17 57105 2018-12-17 წიგნი 9.60 ₾.
          ბათუმის შოთა რუსთაველის სახელმწიფო უნივერსიტეტის მთავარი ბიბლიოთეკა ბათუმის შოთა რუსთაველის სახელმწიფო უნივერსიტეტის მთავარი ბიბლიოთეკა   2018-12-17 9.60 821.353.1-31 ტ-92 57104 2018-12-17 57104 2018-12-17 წიგნი 9.60 ₾.
          ბათუმის შოთა რუსთაველის სახელმწიფო უნივერსიტეტის მთავარი ბიბლიოთეკა ბათუმის შოთა რუსთაველის სახელმწიფო უნივერსიტეტის მთავარი ბიბლიოთეკა წიგნსაცავი 2018-12-17 9.60 821.353.1-31 ტ-92 57107 2018-12-17 57107 2018-12-17 წიგნი 9.60 ₾.